000 00653nam a22002177a 4500
003 UA-OsUOA
001 100475
007 ta
008 20130528b un ||||| |||| 00| 0 ukr d
100 _aРудик В.К.
090 _a330(477)
_bР83
942 _cSA
040 _aUA-OsUOA
_bukr
_cUA-OsUOA
_dUA-OsUOA
245 _aСтратегічні засади розвитку системи пенсійного страхування в Україні
300 _aС.53-58
955 _a0
041 _aukr
080 _a330(477)
773 0 _w100474
_tЕкономіка АПК
_dК.
_d2013
_g5
650 7 _a330 Економіка взагалі
_2UDC
999 _c387107
_d387107